Eurovision Contestants - Sudden Death - Statistics

General Stats
  • This quiz has been taken 1,369 times
  • The average score is 9 of 16
Answers on the Grid
Answers color-coded by a green-red scale on the quiz's grid according to % correct below.
ABBA
Adele
Alexander Rybak
Benjamin Ingrosso
Björk
Bonnie Tyler
Céline Dion
David Bowie
Duncan Laurence
Édith Piaf
Fernando Daniel
Jedward
Johnny Logan
Jojo Siwa
Julio Iglesias
Katrina and the Waves
Laura Pausini
Loreen
Lukas Graham
Lys Assia
Mahmood
Måneskin
Marcus & Martinus
Mika
Nicole Scherzinger
O-Zone
Olivia Newton-John
Rammstein
Regina Spektor
Rita Ora
Sinead O’Connor
Zara Larsson
 
Answer Stats
Answer % Correct
ABBA
98%
Alexander Rybak
80%
Céline Dion
79%
Duncan Laurence
66%
Måneskin
66%
Loreen
64%
Johnny Logan
59%
Mahmood
54%
Marcus & Martinus
52%
Benjamin Ingrosso
50%
Jedward
49%
Katrina and the Waves
48%
Bonnie Tyler
41%
Lys Assia
35%
Olivia Newton-John
33%
Julio Iglesias
24%
No matching quizzes found
Score Distribution
Percent of People with Each Score
Percentile by Number Answered
Your Score History
You have not taken this quiz